000 00669nam a22002417a 4500
005 20170124110024.0
010 _a956745
020 _c00.00
035 _a956745
037 _bCen Lib/Ret
040 _aDPL
_bEN
082 _a530
_bJEA
100 _aJeans, James
_920374
245 _aThe new background of science /
_cby James Jeans
250 _a2nd ed
260 _aCambridge
_bThe University Press
_c1934
270 _bLondon
_aBentley House
300 _aviii,312p.
_c18cm(Hb)
500 _aIncludes index
650 _aPhysics--Philosophy
_920375
650 _aRelativity (Physics)--Philosophy
_920376
942 _2ddc
_cEN
_h530
_mJEA
999 _c127397
_d127397